Photo - Stades de Ligue 1 - 2024/2025 - Statistiques

Statistiques générales
  • Ce quiz a été pris 46 fois
  • Le résultat moyen est 9 sur 18
Statistiques - réponses
Par images Réponse % Correct
Parc des Princes
100%
Orange Velodrome
85%
Groupama Stadium
78%
Allianz Riviera
76%
Stade de la Beaujoire
61%
Stade Louis II
61%
Stade de la Mosson
51%
Stade Geoffroy-Guichard
44%
Stade Océane
44%
Stade Pierre Mauroy
44%
Roazhon Park
41%
Stade de la Meinau
39%
Stade Francis Le Blé
37%
Stade Raymond-Kopa
37%
Stade Auguste Delaune
29%
Stade Bollaert-Delelis
27%
Stade de l'Abbé-Deschamps
27%
Stadium TFC
2%
Aucun quiz correspondant
Distribution des résultats
% des personnes avec chaque résultat
Percentile par nombre de réponses
Votre historique - résultats
Vous n’avez pas pris ce quiz